000 00884nam a2200205 a 4500
003 0
005 20250415101341.0
008 970101s19uu xx 00 eng d
050 _aPGS HQ 784.P64
_b.D117 2004
100 _aDacanay, John Christian Villanueva.
245 _aThe usage of cellphones among grade six students of Southville International School and Colleges School Year 2003-2004 /
_cJohn Christian Villanueva Dacanay.
260 _aLas PiƱas City, Philippines :
_bSouthville International School and Colleges,
_c2004.
300 _a27 pages :
_billustrations ;
_c28 cm.
504 _aIncludes bibliographical references.
650 _aMobile communication systems
_vJuvenile use.
650 _aCell phones
_vSocial aspects
_vChildren.
650 _aTechnology
_vSocial aspects
_vChildren.
650 _aGrade 6 students
_vUse of mobile devices.
942 _2lcc
_cPASS
999 _c96969
_d96969